Burma under British Rule - and Before (Record no. 552709)
[ view plain ]
| 000 -LEADER | |
|---|---|
| fixed length control field | 00446cam a22001453u 4500 |
| 082 ## - DEWEY DECIMAL CLASSIFICATION NUMBER | |
| Classification number | 959.1 |
| Author Mark | NIS |
| 100 1# - MAIN ENTRY--PERSONAL NAME | |
| Personal name | Nisbet, John. |
| 9 (RLIN) | 49969 |
| 245 10 - TITLE STATEMENT | |
| Title | Burma under British Rule - and Before |
| Statement of responsibility, etc. | Nisbet, John. |
| 260 ## - PUBLICATION, DISTRIBUTION, ETC. | |
| Place of publication, distribution, etc. | [S.l.] : |
| Name of publisher, distributor, etc. | [s.n.], |
| Date of publication, distribution, etc. | 1901. |
| 500 ## - GENERAL NOTE | |
| General note | Title from content provider. |
| 526 ## - STUDY PROGRAM INFORMATION NOTE | |
| Program name | 0 |
| Interest level | 0 |
| Reading level | 0 |
| Title point value | 959_100000000000000_NIS |
| 650 ## - SUBJECT ADDED ENTRY--TOPICAL TERM | |
| Topical term or geographic name entry element | MCE |
| 9 (RLIN) | 379 |
| 856 40 - ELECTRONIC LOCATION AND ACCESS | |
| Uniform Resource Identifier | <a href="http://www.columbia.edu/cgi-bin/cul/resolve?clio7846667">http://www.columbia.edu/cgi-bin/cul/resolve?clio7846667</a> |
| 942 ## - ADDED ENTRY ELEMENTS (KOHA) | |
| Source of classification or shelving scheme | |
| Koha item type | Book |
| Withdrawn status | Lost status | Source of classification or shelving scheme | Damaged status | Not for loan | Permanent Location | Current Location | Shelving location | Date acquired | Total Checkouts | Full call number | Barcode | Date last seen | Price effective from | Koha item type |
|---|---|---|---|---|---|---|---|---|---|---|---|---|---|---|
| Military College of Engineering (MCE) | Military College of Engineering (MCE) | 01/21/2015 | 959.1 NIS | MCE-ECB 6.2 | 01/21/2015 | 01/21/2015 | Book |
